|
|
|
|
| LEADER |
00000nam0a2200000 4500 |
| 001 |
122252 |
| 005 |
20231031125908.0 |
| 035 |
|
|
|a (RuTPU)RU\TPU\book\132377
|
| 090 |
|
|
|a 122252
|
| 100 |
|
|
|a 20071001d2007 m y0rusy50 ca
|
| 101 |
0 |
|
|a rus
|
| 102 |
|
|
|a RU
|
| 105 |
|
|
|a a j 001zy
|
| 200 |
1 |
|
|a Основы современного естествознания
|e курс лекций
|f В. Н. Беломестных, Е. П. Теслева, Д. А. Чинахов
|g Томский политехнический университет (ТПУ); Юргинский технологический институт (филиал)
|
| 210 |
|
|
|a Томск
|c Изд-во ТПУ
|d 2007
|
| 215 |
|
|
|a 225 с.
|c ил.
|
| 320 |
|
|
|a Словарь терминов: с. 177-212.
|
| 320 |
|
|
|a Указатель имен: с. 213-220.
|
| 320 |
|
|
|a Библиография: с. 223-224.
|
| 330 |
|
|
|a Курс лекций "Основы современного естествознания" соответствует государственным образовательным стандартам для гуманитарных, обществоведческих и экономических специальностей и предназначен для студентов инженерно-экономических специальностей высших учебных заведений, изучающих курс "Концепции современного естествознания". Рассмотрены современные представления о природе в целом в контексте фундаментальных взаимодействий. Лекционный курс сопровождается материалом для проведения тестирования студентов, содержит словарь специальных терминов, невероятные факты о природе и алфавитный указатель имен.
|
| 452 |
|
1 |
|0 (RuTPU)RU\TPU\book\145840
|t Основы современного естествознания
|o курс лекций
|o учебное пособие
|f В. Н. Беломестных, Е. П. Теслева, Д. А. Чинахов
|g Томский политехнический университет (ТПУ) ; Юргинский технологический институт (филиал)
|c Томск
|n 2007
|d Изд-во ТПУ
|a Беломестных, Владимир Николаевич
|
| 610 |
1 |
|
|a естествознание
|
| 610 |
1 |
|
|a лекции
|
| 610 |
1 |
|
|a история
|
| 610 |
1 |
|
|a симметрия
|
| 610 |
1 |
|
|a законы сохранения
|
| 610 |
1 |
|
|a пространство
|
| 610 |
1 |
|
|a время
|
| 610 |
1 |
|
|a вещество
|
| 610 |
1 |
|
|a микромир
|
| 610 |
1 |
|
|a тепловое излучение
|
| 610 |
1 |
|
|a кванты
|
| 610 |
1 |
|
|a природа
|
| 610 |
1 |
|
|a человек
|
| 610 |
1 |
|
|a общество
|
| 610 |
1 |
|
|a Вселенная
|
| 610 |
1 |
|
|a звезды
|
| 610 |
1 |
|
|a звездные системы
|
| 610 |
1 |
|
|a Солнце
|
| 610 |
1 |
|
|a Земля
|
| 610 |
1 |
|
|a ландшафтная оболочка
|
| 610 |
1 |
|
|a гидросфера
|
| 610 |
1 |
|
|a вода
|
| 610 |
1 |
|
|a живое вещество
|
| 610 |
1 |
|
|a самоорганизация
|
| 610 |
1 |
|
|a эволюция
|
| 610 |
1 |
|
|a биосфера
|
| 610 |
1 |
|
|a биоценоз
|
| 610 |
1 |
|
|a биогеоценоз
|
| 610 |
1 |
|
|a ноосфера
|
| 675 |
|
|
|a 50(075.8)
|v 3
|
| 700 |
|
1 |
|a Беломестных
|b В. Н.
|g Владимир Николаевич
|
| 701 |
|
1 |
|a Теслева
|b Е. П.
|g Елена Павловна
|
| 701 |
|
1 |
|a Чинахов
|b Д. А.
|g Дмитрий Анатольевич
|
| 712 |
0 |
2 |
|a Томский политехнический университет (ТПУ)
|z 1991-
|2 stltpush
|3 (RuTPU)RU\TPU\col\376
|
| 712 |
0 |
2 |
|a Юргинский технологический институт (филиал)
|2 stltpush
|3 (RuTPU)RU\TPU\col\5961
|
| 801 |
|
1 |
|a RU
|b 63413507
|c 20071001
|g PSBO
|
| 801 |
|
2 |
|a RU
|b 63413507
|c 20201127
|g PSBO
|
| 942 |
|
|
|c BK
|